000 00384nam a2200157Ia 4500
005 20250520030651.0
008 240331s9999 xx 000 0 und d
020 _a9559524542
082 _a302.23
_bKAR
100 _aKariyawasam, T
245 0 _aAntharjathika prawrthi ayathna
260 _aColombo
_bS. Godage & Brother
_c1993
300 _a128 p .,
650 _aMedia
942 _cL
999 _c1112
_d1112